| 000 | 00592nam a22002057a 4500 | ||
|---|---|---|---|
| 003 | BUBTL | ||
| 008 | 230327b ||||| |||| 00| 0 eng d | ||
| 020 | _a9789849067252 | ||
| 082 | _a346.0045492/ H139l/ 2015 | ||
| 100 |
_93017 _aHalim, Md. Abdul |
||
| 245 |
_aLaws on Equity and Trust in Bangladesh : _bMd. Abdul Halim |
||
| 250 | _a2nd edn. | ||
| 260 |
_aDhaka _bCCB Fundation _cc2015 |
||
| 300 |
_a254p. : _b21 cm. |
||
| 650 | 0 |
_92102 _aLaw |
|
| 700 |
_94157 _aMd . Abdul Halim |
||
| 856 |
_k0 _l0 _yDownload |
||
| 942 |
_2ddc _cBK |
||
| 999 |
_c7005 _d7005 |
||